| 000 | 00879nam a22001817a 4500 | ||
|---|---|---|---|
| 003 | OSt | ||
| 005 | 20251224165023.0 | ||
| 008 | 251215b |||||||| |||| 00| 0 eng d | ||
| 040 | _cDCL | ||
| 082 | _a၂၉၄.၃၄၂ | ||
| 100 | 0 |
_aဣန္ဒကာဘိဝံသ၊ အရှင် _91292 |
|
| 245 | 1 | 0 |
_aညဉ့်ဦးယံ ဓမ္မသံစဉ်များ _n(ပဉ္စမတွဲ) / _cအရှင်ဣန္ဒကာဘိဝံသ(မြစကြာ)။ |
| 264 |
_aရန်ကုန် ၊ _bလင်းလွန်းခင်စာပေ၊ _c၂၀၂၄။ |
||
| 300 |
_a၅၈၈ စာမျက်နှာ ၊ _c၂၆ စင်တီ။ |
||
| 504 | _aကျမ်းကိုးစာရင်းပါဝင်သည်။ | ||
| 650 |
_aဗုဒ္ဓဘာသာ _xတရားတော်။ |
||
| 942 |
_2ddc _cSHORT TERM _n0 |
||
| 999 |
_c2702 _d2702 |
||